ნორმალური ფორმატი
MARC ფორმატი
ჩანაწერი Corporate Name
ჩანაწერთა რაოდენობა, რომელიც გამოყენებულია: 2
001 - CONTROL NUMBER
- control field: 10443
003 - CONTROL NUMBER IDENTIFIER
- control field: GE_BSU
005 - DATE AND TIME OF LATEST TRANSACTION
- control field: 20210312140204.0
008 - FIXED-LENGTH DATA ELEMENTS
- fixed length control field: 210312|| aca||aabn | a|a d
040 ## - CATALOGING SOURCE
- Original cataloging agency: GE_BSU
- Transcribing agency: GE_BSU
110 ## - HEADING--CORPORATE NAME
- Corporate name or jurisdiction name as entry element: Батумский гос. ун-т им. Шота Руставели
- Subordinate unit: Департамент Европеистики.
670 ## - SOURCE DATA FOUND
- Source citation: Work cat.: (GE_BSU)52162: Салуквадзе, Наталья Левановна 10441, Семантико - прагматические аспекты языковых средств выражающих эмоции в межкультурном дискурсе /
